|
|
|
|
| LEADER |
00000nam0a2200000 4500 |
| 001 |
332969 |
| 005 |
20231102004516.0 |
| 035 |
|
|
|a (RuTPU)RU\TPU\book\358964
|
| 035 |
|
|
|a RU\TPU\book\358958
|
| 090 |
|
|
|a 332969
|
| 100 |
|
|
|a 20170605d1977 k y0rusy5003 ca
|
| 101 |
0 |
|
|a rus
|
| 102 |
|
|
|a RU
|
| 105 |
|
|
|a a z 001zy
|
| 200 |
1 |
|
|a Научные исследования в области гидротехники
|f Всесоюзный научно-исследовательский институт водоснабжения, канализации, гидротехнических сооружений и инженерной гидрогеологии (НИИ ВОДГЕО, ВНИИводгео) ; науч. ред. И. С. Федоров , В. П. Недрига , Г. И. Покровский
|
| 210 |
|
|
|a Москва
|c Изд-во ВНИИ ВОДГЕО
|d 1977
|
| 215 |
|
|
|a 55 с.
|c ил.
|
| 225 |
1 |
|
|a Труды института ВОДГЕО
|v Вып. 68
|x 0135-3217
|
| 320 |
|
|
|a Библиогр. в конце ст.
|
| 606 |
1 |
|
|a Гидротехника
|x Научные исследования
|2 stltpush
|3 (RuTPU)RU\TPU\subj\6809
|9 34601
|
| 610 |
1 |
|
|a скальные грунты
|
| 610 |
1 |
|
|a физико-механические свойства
|
| 610 |
1 |
|
|a фильтрационные свойства
|
| 610 |
1 |
|
|a фильтрационная прочность
|
| 610 |
1 |
|
|a суглинок
|
| 610 |
1 |
|
|a проницаемость
|
| 610 |
1 |
|
|a гравийные грунты
|
| 610 |
1 |
|
|a расслоение
|
| 610 |
1 |
|
|a плотины
|
| 610 |
1 |
|
|a глинистые ядра
|
| 610 |
1 |
|
|a трещины
|
| 610 |
1 |
|
|a размыв
|
| 610 |
1 |
|
|a защита
|
| 610 |
1 |
|
|a соль
|
| 610 |
1 |
|
|a вертикальные пласты
|
| 610 |
1 |
|
|a растворение
|
| 675 |
|
|
|a 626/628:001.89
|z rus
|v 3
|
| 702 |
|
1 |
|a Федоров
|b И. С.
|4 340
|
| 702 |
|
1 |
|a Недрига
|b В. П.
|4 340
|
| 702 |
|
1 |
|a Покровский
|b Г. И.
|4 340
|
| 712 |
0 |
2 |
|a Всесоюзный научно-исследовательский институт водоснабжения, канализации, гидротехнических сооружений и инженерной гидрогеологии (НИИ ВОДГЕО, ВНИИводгео)
|c (Москва)
|2 stltpush
|3 (RuTPU)RU\TPU\col\4603
|
| 801 |
|
0 |
|a RU
|b 63413507
|c 19950704
|g psbo
|
| 801 |
|
1 |
|a RU
|b 63413507
|c 20151110
|
| 801 |
|
2 |
|a RU
|b 63413507
|c 20231010
|g RCR
|
| 942 |
|
|
|c BK
|